Countries without Rivers - Statistics

General Stats
  • This quiz has been taken 27 times
  • The average score is 13 of 18
Answer Stats
Country % Correct
Bahrain
96%
Yemen
96%
Vatican City
91%
Kuwait
87%
Monaco
87%
Oman
87%
United Arab Emirates
87%
Qatar
78%
Saudi Arabia
78%
Nauru
74%
Maldives
70%
Tonga
70%
Tuvalu
65%
Kiribati
61%
Malta
61%
Marshall Islands
57%
Bahamas
48%
Comoros
43%
No matching quizzes found
Score Distribution
Percent of People with Each Score
Percentile by Number Answered
Your Score History
You have not taken this quiz